Produkt z recyklovaného korku

Guardado en:
Detalles Bibliográficos
Autor principal: Oriešek, Martin (Autor)
Otros Autores: Paliatka, Peter (Orientador)
Formato: Manuscrito Libro
Lenguaje:eslovaco
Publicado: Bratislava 2019
Materias:
Acceso en línea:http://is.stuba.sk/zp/portal_zp.pl?podrobnosti=133796
Etiquetas: Agregar Etiqueta
Sin Etiquetas, Sea el primero en etiquetar este registro!

MARC

LEADER 00000ntm a22000003a 4500
001 stuzp74861
003 SK-STU
005 20200923095813.8
007 ta
008 150427s2015----xo-----f-mn---000-0-slo-d
040 |a STU  |b slo 
041 0 |a slo 
100 1 |a Oriešek, Martin  |u 059190  |4 aut  |U FAD Fakulta architektúry  |T FA Ústav dizajnu  |X 82438  |U A9190  |Y 400  |7 82438 
242 0 1 |a Recycled cork product  |y eng 
245 1 0 |a Produkt z recyklovaného korku 
260 |c 2019  |a Bratislava 
650 4 |a korok  |2 slo 
650 4 |a kanvica  |2 slo 
650 4 |a recyklácia  |2 slo 
650 4 |a indukcia  |2 slo 
650 4 |a cork  |2 eng 
650 4 |a recyclation  |2 eng 
650 4 |a induction  |2 eng 
650 4 |a kettle  |2 eng 
700 1 |a Paliatka, Peter  |u 059190  |k Z1  |4 ths  |U FAD Fakulta architektúry  |T FA Ústav dizajnu  |X 332  |U A9190  |Y 400  |7 A000000332 
856 4 |u http://is.stuba.sk/zp/portal_zp.pl?podrobnosti=133796  |u https://opac.crzp.sk/?fn=detailBiblioForm&sid=819BE1355532A4D317116CAB1E91